Judy Moody gets famous! / (Record no. 1917)

MARC details
000 -LEADER
fixed length control field 00920nam a2200265 a 4500
003 - CONTROL NUMBER IDENTIFIER
control field Uk
005 - DATE AND TIME OF LATEST TRANSACTION
control field 20250409155222.0
020 ## - INTERNATIONAL STANDARD BOOK NUMBER
International Standard Book Number 9780744570243 (pbk.) :
Terms of availability £4.99
020 ## - INTERNATIONAL STANDARD BOOK NUMBER
International Standard Book Number 0744570247 (pbk.) :
Terms of availability £4.99
040 ## - CATALOGING SOURCE
Original cataloging agency UkCU
Language of cataloging eng
Transcribing agency UkCU
Modifying agency Uk
082 04 - DEWEY DECIMAL CLASSIFICATION NUMBER
Classification number 823.92
Edition number 22
100 1# - MAIN ENTRY--PERSONAL NAME
Personal name McDonald, Megan.
245 10 - TITLE STATEMENT
Title Judy Moody gets famous! /
Statement of responsibility, etc. Megan McDonald; illustrated by Peter Reynolds.
260 ## - PUBLICATION, DISTRIBUTION, ETC.
Place of publication, distribution, etc. London :
Name of publisher, distributor, etc. Walker Books,
Date of publication, distribution, etc. 2005.
300 ## - PHYSICAL DESCRIPTION
Extent 291 pages :
Other physical details illustrator ;
Dimensions 19 cm
500 ## - GENERAL NOTE
General note Originally published: 2001.
505 ## - FORMATTED CONTENTS NOTE
Formatted contents note K
520 ## - SUMMARY, ETC.
Summary, etc. When a third grade classmate gets her picture in the paper for winning a spelling bee, Judy is determined to find a way to become famous herself.
521 ## - TARGET AUDIENCE NOTE
Target audience note 560 <br/>
Source Lexile
521 ## - TARGET AUDIENCE NOTE
Target audience note K <br/>
Source Raz-Plus
700 1# - ADDED ENTRY--PERSONAL NAME
Personal name Reynolds, Peter H.
Fuller form of name (Peter Hamilton),
Dates associated with a name 1961-
700 12 - ADDED ENTRY--PERSONAL NAME
Personal name McDonald, Megan.
Title of a work Judy Moody gets famous.
942 ## - ADDED ENTRY ELEMENTS (KOHA)
Source of classification or shelving scheme Dewey Decimal Classification
Koha item type Books
Suppress in OPAC No
999 ## -
-- 1917
-- 1917
Holdings
Withdrawn status Lost status Source of classification or shelving scheme Damaged status Not for loan Collection Home library Current library Shelving location Date acquired Total Checkouts Full call number Barcode Date last seen Date last checked out Price effective from Koha item type Copy number
    Dewey Decimal Classification     Juvenile Fiction Footprints International School Library Network Toul Kork Campus Footprints International School Library Network Toul Kork Campus TK Primary Library Room(4th Floor), Bookcase 3&4, Shelves 17-32, Yellow Books 10/10/2023 1 MCD Fic PZ7.M478419 FISTK00119 01/12/2024 01/05/2024 10/10/2023 Books  
    Dewey Decimal Classification     Juvenile Fiction Footprints International School Library Network Toul Tom Poung Campus Footprints International School Library Network Toul Tom Poung Campus TTP Primary Yellow Bookshelves 04/09/2025 1 MCD Fic PZ7.M478419 2025-1056 12/08/2025 11/28/2025 04/09/2025 Books 2